书目信息 |
| 题名: |
大战前夜的苏联海军
|
|
| 作者: | 库兹涅佐夫 著 ;万启智 译 | |
| 分册: | ||
| 出版信息: | 北京 新华出版社 1981 |
|
| 页数: | 401页 | |
| 开本: | 19cm | |
| 丛书名: | ||
| 单 册: | ||
| 中图分类: | E512.53 | |
| 科图分类: | ||
| 主题词: | 海军--军事史--苏联 , 海军 , 军事史 | |
| 电子资源: | ||
| ISBN: | 11203.013 | |
| 000 | 00773nam0 2200265 450 | |
| 001 | 0181002813 | |
| 005 | 20100712220003.0 | |
| 010 | @a11203.013@dCNY0.95 | |
| 091 | @a11203.013 | |
| 100 | @a19950601d1981 emky0chiy0110 ea | |
| 101 | 1 | @achi@crus |
| 102 | @aCN@b110000 | |
| 105 | @ay z 000yd | |
| 106 | @ar | |
| 200 | 1 | @a大战前夜的苏联海军@9Da;Dai Zhan Qian Ye De;Di Su Lian Hai Jun @e尼.格.库兹涅佐夫回忆录@f(苏)库兹涅佐夫著@g万启智译 |
| 210 | @a北京@c新华出版社@d1981 | |
| 215 | @a401页@d19cm | |
| 606 | 0 | @a海军@x军事史@y苏联 |
| 606 | 0 | @a海军 |
| 606 | 0 | @a军事史 |
| 690 | @aE512.53@v3 | |
| 701 | 1 | @a库兹涅佐夫@9ku zi nie zuo fu@bN.G.@4著 |
| 702 | 0 | @a万启智@9wan qi zhi@4译 |
| 801 | 0 | @aCN@bAzMarc@c20130904 |
| 905 | @aBZT@dE512.53@e3@f1@sE512.53/3 | |
| 大战前夜的苏联海军:尼.格.库兹涅佐夫回忆录/(苏)库兹涅佐夫著/万启智译.-北京:新华出版社,1981 |
| 401页;19cm |
| ISBN 11203.013:CNY0.95 |
| ● |
| 相关链接 |
|
|
|
正题名:大战前夜的苏联海军
索取号:E512.53/3
 
预约/预借
| 序号 | 登录号 | 条形码 | 馆藏地/架位号 | 状态 | 备注 |
| 1 | 2000143499 | 2000143499 | 旧书回溯/ [索取号:E512.53/3] | 在馆 |